000 01352cam a2200325 i 4500
003 SA-RiAUC
005 20241204134919.0
008 241203s1982 ku g 000 0 ara c
040 _aKW-ShULA
_bara
_cSA-RiAUC
_erda
041 1 _aara
_heng
082 0 4 _a250.9
_qSA-RiAUC
090 _a250.9
_b ك و ل
100 1 _aكولسون، ن. ج.
_eمؤلف.
240 1 0 _aA history of islamic law.
_lArabic
240 1 2 _aA history of islamic law.
_lArabic
245 1 0 _aفي تاريخ التشريع الإسلامي /
_cتأليف ن. ج. كولسون ؛ ترجمة محمد أحمد سراج ؛ مراجعة حسن محمود عبد اللطيف الشافعي.
250 _aالطبعة الأولى.
264 1 _aالكويت :
_bدار العروبة،
_c1982
300 _a447 صفحة ؛
_c24 سم
336 _aنص
_btxt
_2rdacontent
_3كتاب
337 _aبدون وسيط
_bn
_2rdamedia
338 _aمجلد
_bnc
_2rdacarrier
650 7 _aالفقه الإسلامي
_xتاريخ
_2aucsh
650 7 _aالشريعة الإسلامية
_xتاريخ
_2aucsh
700 1 _aسراج، محمد أحمد
_eمترجم.
700 1 _aالشافعي، حسن،
_d1930-
_eمراجع.
700 1 2 _iترجمة لـ :
_aكولسون، ن. ج.
_tA history of islamic law.
942 _2ddc
_cBOOK
_n0
949 _aSA-JeALM
_d241203
_uosman123
_n1
999 _c3026
_d3026